000 00224nam a22000857a 4500
008 160831b xxu||||| |||| 00| 0 eng d
100 _9273
_aPradhan V
245 _aThe Mickman's Cow
260 _aNew Delhi
_bChildren Book Trust
_c2007
999 _c2931
_d2931